000 00505nam a22002177a 4500
003 UA-OsUOA
001 56980
007 ta
008 20081124b un ||||| |||| 00| 0 ukr d
090 _a2
_bЦ44
942 _cMG
040 _aUA-OsUOA
_cUA-OsUOA
_dUA-OsUOA
245 _aЦерковно-общественный вестникь
955 _a1
080 _a2
260 _aСПб
246 3 1 _aПолуежедневное издание
_n
044 _aRU
962 _a1882
650 7 _2UDC
999 _c343066
_d343066